[Event "Rhein Main op-A 25th"]
[Site "Bad Homburg"]
[Date "2023.06.10"]
[Round "5"]
[White "Nagel, Bernhard"]
[Black "Greulich, Jan"]
[Result "1-0"]
[WhiteElo "2150"]
[BlackElo "1898"]
[PlyCount "55"]
[EventDate "2023.06.07"]
[EventType "swiss"]
[EventRounds "7"]
[EventCountry "GER"]
[SourceTitle "CBM 215 Extra"]
[Source "ChessBase"]
[SourceDate "2023.09.30"]
[SourceVersion "1"]
[SourceVersionDate "2023.09.30"]
[SourceQuality "1"]

1. Nf3 d5 2. b3 Nf6 3. Bb2 e6 4. e3 Be7 5. d4 0-0 6. Bd3 b6 7. Nbd2 Bb7 8. 0-0 Nbd7 9. c4 c5 10. Rc1 Ne4 11. Qe2 f5 12. Rfd1 Ndf6 13. Ne5 Qe8 14. f3 Nxd2 15. Rxd2 Nd7 16. Nxd7 Qxd7 17. dxc5 Bxc5 18. Kh1 Qe7 19. Be5 Rac8 20. h3 Bd6 21. Bxd6 Qxd6 22. Rcd1 Qa3 23. Qf2 Rc7 24. Qg3 Rfc8 25. Qe5 Kf7 26. cxd5 Bxd5 27. e4 fxe4 28. fxe4 1-0

[Event "GER Cup Net V2 U2400"]
[Site "Playchess.com INT"]
[Date "2020.05.22"]
[Round "5"]
[White "Braun, Georg"]
[Black "Nagel, Bernhard"]
[Result "1-0"]
[WhiteElo "2159"]
[BlackElo "2058"]
[PlyCount "139"]
[EventDate "2020.05.22"]
[EventType "swiss (blitz)"]
[EventRounds "9"]
[EventCountry "GER"]
[SourceTitle "EXT 2021"]
[Source "ChessBase"]
[SourceDate "2020.10.23"]
[SourceVersion "1"]
[SourceVersionDate "2020.10.23"]
[SourceQuality "1"]

1. e4 c5 2. Nf3 Nc6 3. d4 cxd4 4. Nxd4 Nf6 5. Nc3 e5 6. Ndb5 d6 7. Bg5 a6 8. Na3 b5 9. Nd5 Be7 10. Bxf6 Bxf6 11. c3 Bg5 12. Nc2 Ne7 13. a4 bxa4 14. Ncb4 Bd7 15. Bxa6 0-0 16. Bc4 Nxd5 17. Bxd5 Ra5 18. 0-0 Kh8 19. Bc6 Be7 20. Bxd7 Qxd7 21. Nd5 Bd8 22. b4 axb3 23. Rxa5 Bxa5 24. Qxb3 f5 25. exf5 Qxf5 26. Qb5 Bd8 27. Qc6 Qe6 28. Rd1 e4 29. Ne3 Be7 30. Qd5 Qxd5 31. Nxd5 Bf6 32. Re1 Re8 33. f3 e3 34. Kf1 Kg8 35. Ke2 Kf7 36. Kd3 Bg5 37. Nxe3 Bxe3 38. Rxe3 Rc8 39. Kd4 Rc5 40. c4 Rg5 41. g3 Ra5 42. Rb3 Ke6 43. Rb7 Kf6 44. Rd7 Ke6 45. Rxg7 h5 46. h4 Ra3 47. f4 Ra1 48. Rg6+ Ke7 49. Rg5 Rd1+ 50. Ke4 Rg1 51. Kd5 Rd1+ 52. Kc6 Rc1 53. Rxh5 Rxc4+ 54. Kb5 Rc3 55. Rg5 Ke6 56. Kb4 Rc1 57. Rg6+ Kd5 58. h5 Rh1 59. h6 Rh3 60. Kc3 Kc5 61. Kd3 d5 62. Ke3 d4+ 63. Ke4 Rh1 64. g4 Kc4 65. Rc6+ Kb5 66. Rd6 Kc5 67. Rd5+ Kc6 68. Rxd4 Rxh6 69. g5 Rh1 70. Kf5 1-0

[Event "GER Cup Net V1 U2400"]
[Site "Playchess.com INT"]
[Date "2020.05.19"]
[Round "1"]
[White "Lambertz, Michael"]
[Black "Nagel, Bernhard"]
[Result "1/2-1/2"]
[WhiteElo "1831"]
[BlackElo "2067"]
[PlyCount "71"]
[EventDate "2020.05.19"]
[EventType "swiss (blitz)"]
[EventRounds "9"]
[EventCountry "GER"]
[SourceTitle "EXT 2021"]
[Source "ChessBase"]
[SourceDate "2020.10.23"]
[SourceVersion "1"]
[SourceVersionDate "2020.10.23"]
[SourceQuality "1"]

1. e4 c5 2. c3 Nf6 3. e5 Nd5 4. Bc4 Nb6 5. Bb3 d5 6. exd6 Qxd6 7. Nf3 Be6 8. 0-0 Bxb3 9. Qxb3 c4 10. Qc2 Nc6 11. b3 Qg6 12. Qxg6 hxg6 13. Na3 cxb3 14. axb3 e5 15. Re1 Bd6 16. d4 f6 17. dxe5 Nxe5 18. Nxe5 fxe5 19. Bf4 Nd7 20. Nc4 Bb8 21. Nxe5 Nxe5 22. Bxe5 Kf7 23. Bxb8 Rhxb8 24. Rad1 Rd8 25. f3 Rac8 26. c4 a6 27. Kf2 b5 28. cxb5 axb5 29. Rxd8 Rxd8 30. Re5 b4 31. Rb5 Rd2+ 32. Kg3 Rd4 33. h4 Kf6 34. Kf2 Rd2+ 35. Kg3 Rd4 36. Rb6+ 1/2-1/2

[Event "GER Cup Net V1 U2400"]
[Site "Playchess.com INT"]
[Date "2020.05.19"]
[Round "5"]
[White "Mittag, Ralf"]
[Black "Nagel, Bernhard"]
[Result "1-0"]
[WhiteElo "2017"]
[BlackElo "2046"]
[PlyCount "117"]
[EventDate "2020.05.19"]
[EventType "swiss (blitz)"]
[EventRounds "9"]
[EventCountry "GER"]
[SourceTitle "EXT 2021"]
[Source "ChessBase"]
[SourceDate "2020.10.23"]
[SourceVersion "1"]
[SourceVersionDate "2020.10.23"]
[SourceQuality "1"]

1. e4 c5 2. Nf3 Nc6 3. g3 g6 4. Bg2 d6 5. 0-0 Bg7 6. Re1 e5 7. d3 Nge7 8. Nc3 0-0 9. Be3 h6 10. Qd2 Kh7 11. Rf1 f5 12. Nh4 f4 13. gxf4 exf4 14. Bxf4 Rxf4 15. Qxf4 g5 16. Qg3 gxh4 17. Qxh4 Be6 18. f4 Ng8 19. Qxd8 Rxd8 20. Rac1 Nd4 21. f5 Bf7 22. Kh1 Be5 23. Rf2 Nf6 24. Bh3 b5 25. Nd1 d5 26. c3 Nc6 27. exd5 Bxd5+ 28. Bg2 Ng4 29. Re2 Bxg2+ 30. Kxg2 Rxd3 31. h3 Nf6 32. Nf2 Rd7 33. Rce1 Rd5 34. Ng4 Nxg4 35. hxg4 Kg7 36. Re3 Kf6 37. Rh1 Kg5 38. Kf3 Bg7 39. Rh5+ Kf6 40. Re6+ Kf7 41. Rxc6 Rd2 42. f6 Bf8 43. b4 cxb4 44. cxb4 Bxb4 45. Rxb5 Bf8 46. Rb7+ Kg6 47. f7+ Kg7 48. Rxa7 Rd3+ 49. Ke4 Rg3 50. Kf4 Rd3 51. Rc4 Rd6 52. Ke5 Rb6 53. Rc8 Rb5+ 54. Ke6 Rg5 55. Rxf8 Kxf8 56. Ra8+ Kg7 57. f8Q+ Kh7 58. Ra7+ Rg7 59. Qxg7# 1-0

[Event "GER Cup Net V1 U2400"]
[Site "Playchess.com INT"]
[Date "2020.05.19"]
[Round "3"]
[White "Nagel, Bernhard"]
[Black "Lesny, Florian"]
[Result "1-0"]
[WhiteElo "2033"]
[BlackElo "1620"]
[PlyCount "61"]
[EventDate "2020.05.19"]
[EventType "swiss (blitz)"]
[EventRounds "9"]
[EventCountry "GER"]
[SourceTitle "EXT 2021"]
[Source "ChessBase"]
[SourceDate "2020.10.23"]
[SourceVersion "1"]
[SourceVersionDate "2020.10.23"]
[SourceQuality "1"]

1. d4 d5 2. c4 c6 3. cxd5 cxd5 4. Bf4 Nc6 5. e3 Nf6 6. Nc3 Bf5 7. Be2 e6 8. g4 Bg6 9. h4 h5 10. Bg5 hxg4 11. Bxg4 Be7 12. h5 Nxg4 13. Bxe7 Nxf2 14. Bxd8 Nxd1 15. Bh4 Nxc3 16. hxg6 Ne4 17. gxf7+ Kxf7 18. Ne2 g5 19. Rf1+ Kg6 20. Bg3 Nb4 21. Kd1 Rac8 22. Nc3 Nxc3+ 23. bxc3 Rxc3 24. Rb1 Nxa2 25. Rxb7 Rxe3 26. Be5 Rd3+ 27. Kc2 Rc3+ 28. Kb2 Rh7 29. Rf6+ Kh5 30. Rxh7+ Kg4 31. Kxa2 1-0

[Event "GER-ch Net blitz qual5"]
[Site "Playchess.com INT"]
[Date "2020.03.28"]
[Round "2"]
[White "Foerster, Erik"]
[Black "Nagel, Bernhard"]
[Result "1-0"]
[WhiteElo "2064"]
[BlackElo "2188"]
[PlyCount "69"]
[EventDate "2020.03.28"]
[EventType "swiss (blitz)"]
[EventRounds "13"]
[EventCountry "GER"]
[SourceTitle "CBM 195 Extra"]
[Source "ChessBase"]
[SourceDate "2020.05.31"]
[SourceVersion "1"]
[SourceVersionDate "2020.05.31"]
[SourceQuality "1"]

1. d4 d5 2. Nf3 e6 3. g3 Be7 4. Bg2 Nf6 5. 0-0 0-0 6. c4 dxc4 7. Qc2 a6 8. a4 Bd7 9. Rd1 Bc6 10. Nc3 Nbd7 11. e4 h6 12. d5 exd5 13. exd5 Nxd5 14. Nxd5 Bxd5 15. Rxd5 c6 16. Rd1 Qc7 17. Bf4 Qb6 18. a5 Qd8 19. Ne5 g5 20. Rxd7 Qe8 21. Be3 Bf6 22. Ng4 Bg7 23. Rxb7 h5 24. Bc5 hxg4 25. Bxf8 Qxf8 26. Rd1 Qc5 27. Rdd7 Rf8 28. Bf1 c3 29. bxc3 Qxa5 30. Bc4 Qc5 31. Rxf7 Kh8 32. Qg6 Rxf7 33. Qh5+ Kg8 34. Qxf7+ Kh8 35. Qxg7# 1-0

[Event "GER-ch Net blitz qual3"]
[Site "Playchess.com INT"]
[Date "2020.03.21"]
[Round "3"]
[White "Nagel, Bernhard"]
[Black "Zelbel, Patrick"]
[Result "0-1"]
[WhiteElo "2188"]
[BlackElo "2446"]
[PlyCount "68"]
[EventDate "2020.03.21"]
[EventType "swiss (blitz)"]
[EventRounds "9"]
[EventCountry "GER"]
[SourceTitle "CBM 195 Extra"]
[Source "ChessBase"]
[SourceDate "2020.05.31"]
[SourceVersion "1"]
[SourceVersionDate "2020.05.31"]
[SourceQuality "1"]

1. d4 Nf6 2. c4 c5 3. d5 e6 4. Nc3 exd5 5. cxd5 d6 6. Nf3 g6 7. Bf4 a6 8. a4 Bg7 9. e4 0-0 10. Be2 Bg4 11. Nd2 Bxe2 12. Qxe2 Nh5 13. Be3 Nd7 14. 0-0 Qe7 15. f3 f5 16. Qd1 Ne5 17. Qc2 f4 18. Bf2 g5 19. h3 Nf6 20. b3 h5 21. Nc4 Rab8 22. Nb6 Ng6 23. Rab1 g4 24. Kh1 Nd7 25. a5 Nxb6 26. axb6 Qd7 27. fxg4 hxg4 28. hxg4 Qxg4 29. Bg1 f3 30. Rbe1 Qxg2+ 31. Qxg2 fxg2+ 32. Kxg2 Bxc3 33. Bh2 Bxe1 34. Rxe1 Ne5 0-1

[Event "GER-ch Net blitz qual1"]
[Site "Playchess.com INT"]
[Date "2020.03.07"]
[Round "4"]
[White "Hagner, Bennet"]
[Black "Nagel, Bernhard"]
[Result "1-0"]
[WhiteElo "2034"]
[BlackElo "2188"]
[PlyCount "58"]
[EventDate "2020.03.07"]
[EventType "swiss (blitz)"]
[EventRounds "9"]
[EventCountry "GER"]
[SourceTitle "CBM 195 Extra"]
[Source "ChessBase"]
[SourceDate "2020.05.31"]
[SourceVersion "1"]
[SourceVersionDate "2020.05.31"]
[SourceQuality "1"]

1. e4 e5 2. Nf3 Nc6 3. Bb5 a6 4. Ba4 Nf6 5. 0-0 Be7 6. Re1 b5 7. Bb3 d6 8. c3 0-0 9. h3 Nb8 10. d4 Nbd7 11. Nbd2 Bb7 12. Bc2 Re8 13. Nf1 Bf8 14. Ng3 g6 15. Bg5 c5 16. d5 Qc7 17. Nh4 h6 18. Be3 c4 19. Qd2 Kh7 20. f4 Bg7 21. f5 g5 22. Nf3 Kg8 23. h4 g4 24. Nh2 h5 25. Bh6 Qd8 26. Qg5 Kf8 27. Bxg7+ Ke7 28. Nxh5 Rg8 29. Nxf6 Nf8 1-0

[Event "GER-ch Net blitz qual1"]
[Site "Playchess.com INT"]
[Date "2020.03.07"]
[Round "1"]
[White "Nagel, Bernhard"]
[Black "Schubert, Joachim"]
[Result "1-0"]
[WhiteElo "2188"]
[BlackElo "1881"]
[PlyCount "53"]
[EventDate "2020.03.07"]
[EventType "swiss (blitz)"]
[EventRounds "9"]
[EventCountry "GER"]
[SourceTitle "CBM 195 Extra"]
[Source "ChessBase"]
[SourceDate "2020.05.31"]
[SourceVersion "1"]
[SourceVersionDate "2020.05.31"]
[SourceQuality "1"]

1. d4 f5 2. g3 Nf6 3. Bg2 c6 4. c3 e6 5. Nd2 d6 6. Nh3 h6 7. Qb3 d5 8. Nf4 Bd6 9. Nd3 0-0 10. Nf3 Nbd7 11. Bf4 Qc7 12. 0-0 g5 13. Be5 Ne4 14. Rad1 Ndf6 15. Bxd6 Qxd6 16. Nfe5 Kh7 17. f3 f4 18. fxe4 dxe4 19. Nc5 fxg3 20. hxg3 b6 21. Nxe4 Nxe4 22. Bxe4+ Kg7 23. Bxc6 Rb8 24. Rxf8 Kxf8 25. Rf1+ Kg8 26. Qc2 Qe7 27. Rf7 1-0

[Event "Rhein Main op-A 22nd"]
[Site "Bad Homburg"]
[Date "2019.06.20"]
[Round "3"]
[White "Golubka, Petr"]
[Black "Nagel, Bernhard"]
[Result "1/2-1/2"]
[WhiteElo "2498"]
[BlackElo "2188"]
[PlyCount "129"]
[EventDate "2019.06.19"]
[EventType "swiss"]
[EventRounds "9"]
[EventCountry "GER"]
[SourceTitle "EXT 2020"]
[Source "ChessBase"]
[SourceDate "2019.10.17"]
[SourceVersion "1"]
[SourceVersionDate "2019.10.17"]
[SourceQuality "1"]

1. e4 e5 2. Nf3 Nc6 3. Bb5 a6 4. Ba4 Nf6 5. 0-0 Be7 6. Re1 b5 7. Bb3 d6 8. c3 0-0 9. h3 Na5 10. Bc2 c5 11. d4 Qc7 12. Nbd2 cxd4 13. cxd4 Nc6 14. a3 exd4 15. Nb3 Re8 16. Nbxd4 Ne5 17. Bg5 h6 18. Bh4 Bd7 19. Rc1 Rac8 20. Bg3 Bf8 21. Nh4 Qb8 22. Nhf5 g6 23. Bh4 Nh7 24. Ne3 Nc4 25. Nxc4 bxc4 26. Rb1 Qb6 27. f3 Qc5 28. Bf2 Qg5 29. Be3 Qf6 30. f4 Qe7 31. Bf2 Bg7 32. Nf3 Bc6 33. e5 Bxf3 34. Qxf3 dxe5 35. fxe5 Bxe5 36. Ba4 Red8 37. Qe4 f6 38. Qxg6+ Qg7 39. Qf5 Kh8 40. Bc2 Rb8 41. Re4 Rb5 42. Qg4 Qxg4 43. Rxg4 c3 44. b4 Rbd5 45. Kf1 Rd2 46. Rc1 Ng5 47. Be1 R2d4 48. Rxd4 Rxd4 49. Ke2 Rd6 50. Rd1 Rc6 51. Bf2 Ne6 52. g3 Ng5 53. h4 Nf7 54. Rd7 Nd6 55. Be3 Nb5 56. a4 Na3 57. Be4 Rc4 58. Bd5 Rxb4 59. Bxh6 Rg4 60. Rd8+ Kh7 61. Bc1 Nc2 62. Rd7+ Kh8 63. Rd8+ Kh7 64. Rd7+ Kh8 65. Rd8+ 1/2-1/2